000 01157nam a2200313 i 4500
001 bg
003 BPK
005 20200624113906.0
008 990506s1983 pl a |001 0 pol
015 _aPB 4682/83
020 _a8309007167
040 _aWA N
_cBPK
041 0 _apol
080 _a63
080 _a(075.8)
100 1 _aDzieżyc, Józef
_d(1921-2000).
245 1 0 _aPodstawy rolnictwa :
_bpodręcznik dla studentów akademii rolniczych i wyższych szkół ekonomicznych /
_cJózef Dzieżyc, Danuta Dzieżycowa.
250 _aWyd. 3 popr. i rozsz.
260 _aWarszawa :
_bPańst. Wydaw. Rolnicze i Leśne,
_c1983.
300 _a501, [3] s., [1] k. tabl. kolor. :
_bmapy, rys., wykr. ;
_c25 cm.
500 _aWyd. poprz. ogł. pod hasłem : Dzieżyc Józef.
504 _aBibliogr. przy rozdz.. - Indeks.
655 4 _aPodręczniki akademickie
650 4 _aRolnictwo
700 1 _aDzieżycowa, Danuta.
710 2 _aPaństwowe Wydawnictwo Rolnicze i Leśne
_4pbl.
942 _2udc
_cKS
856 _uhttp://koha.tu.koszalin.pl/cgi-bin/koha/opac-detail.pl?biblionumber=3059
_yKatalog online BPK
999 _c3059
_d3059